000 00373cam a22001217a 4500
008 180718b1978. xxu||||| |||| 00| 0 eng d
082 _aA99 R137 N143
100 _aNarasimha Char, K.T.
245 _aC. Rajagopalachari: his life and mind
_cby K.T. Narasimha Char
260 _aDelhi
_bHeritage
_c1978.
300 _a184p.
650 _aRajagopaalachari, Chakravarti, 1879-1972
999 _c349738
_d349738